Henny Me Noie - Hamza - Statistiques

Statistiques générales
  • Ce quiz a été pris 37 fois
  • Le résultat moyen est 211 sur 421
Statistiques - réponses
Réponse % Correct
je
94%
que
94%
ta
94%
tu
94%
à
89%
ma
89%
sais
89%
baby
83%
changer
83%
jpourrais
83%
life
83%
pas
83%
de
78%
passer
78%
des
72%
henny
72%
maille
72%
me
72%
no
72%
un
72%
compter
67%
fly
67%
le
67%
noie
67%
quand
67%
soirées
67%
jallume
61%
la
61%
moi
61%
se
61%
te
61%
et
56%
ne
56%
mon
50%
plus
50%
pour
50%
pur
50%
balenciaga
44%
jbois
44%
lasser
44%
sait
44%
sauce
44%
shawty
44%
achat
39%
bébé
39%
comme
39%
dernier
39%
peau
39%
studio
39%
tellement
39%
avec
33%
die
33%
monnaie
33%
rageux
33%
ton
33%
yeah
33%
famille
28%
fosse
28%
jfais
28%
jveux
28%
sauter
28%
si
28%
boss
22%
casser
22%
crève
22%
dans
22%
dos
22%
foi
22%
jpeux
22%
jroule
22%
maharaja
22%
parler
22%
salaire
22%
sur
22%
une
22%
vie
22%
vivre
22%
du
17%
fois
17%
genoux
17%
jinhale
17%
les
17%
liasse
17%
maintenant
17%
nada
17%
négro
17%
nous
17%
peut
17%
rêve
17%
scène
17%
terre
17%
voix
17%
bloc
11%
ces
11%
cœur
11%
collent
11%
enterrezmoi
11%
jai
11%
jamais
11%
jentends
11%
mais
11%
mets
11%
narrêtent
11%
paire
11%
parles
11%
personne
11%
quils
11%
semballe
11%
verras
11%
veut
11%
vis
11%
besoin
6%
cest
6%
ciel
6%
donner
6%
love
6%
mavoir
6%
menlever
6%
policía
6%
rapproche
6%
servaient
6%
tête
6%
tise
6%
toujours
6%
yo
6%
20k
0%
jla
0%
jmone
0%
show
0%
woah
0%
Aucun quiz correspondant
Distribution des résultats
% des personnes avec chaque résultat
Percentile par nombre de réponses
Votre historique - résultats
Vous n’avez pas pris ce quiz